00356nam a2200109Ia 4500008004100000041001200041082001500053100006600068245008500134260001800219440000900237240126s9999 xx 000 0 und d aEnglish aPRME94-102 aHariprasad, V Rao Sharath Kumar, K N Sudheer Pai, M Suraja, Y 0aDesign and fabrication of pedal operated sand sieving machinebGanapathy Bhat, K bNMAMIT, NITTE aNULL